Sources of quantum mechanics /
Guardado en:
| Otros Autores: | |
|---|---|
| Formato: | Libro |
| Idioma: | English |
| Publicado: |
Amsterdam :
North-Holland,
1967.
|
| Materias: | |
| Acceso en línea: | Google Book Search |
| Etiquetas: |
Agregar Etiqueta
Sin Etiquetas, Sea el primero en etiquetar este registro!
|
| LEADER | 00944cam a22002055a 4500 | ||
|---|---|---|---|
| 001 | MAT.inmabb005200 | ||
| 008 | 831208s1967####ne#######b####001#0#eng## | ||
| 005 | 20130320153610.0 | ||
| 245 | 0 | 0 | |a Sources of quantum mechanics / |c edited with a historical introduction by B. L. van der Waerden. |
| 260 | |a Amsterdam : |b North-Holland, |c 1967. | ||
| 300 | |a xi, 430 p. ; |c 23 cm. | ||
| 500 | |a Contiene traducciones al inglés de artículos en alemán, y reproducciones de artículos en inglés. En total son 17 trabajos publicados originalmente entre 1916 y 1926. | ||
| 504 | |a Incluye referencias bibliográficas. | ||
| 700 | 1 | |a Waerden, B. L. van der |q (Bartel Leendert), |d 1903-1996. |4 com | |
| 650 | 0 | |a Quantum theory |x History |v Sources. | |
| 084 | |a 81-06 (81-03 01A75) |2 msc2000 | ||
| 010 | |a 67005711 | ||
| 040 | |a DLC/ICU |c ICU |d DLC | ||
| 856 | |u http://books.google.com/books?id=8KLMGqnZCDcC |y Google Book Search | ||
| 859 | |h 81 |i So724 |p A-2908 |b BIB. MATEMATICA | ||
